Statistiques concernant Personnages Principaux dans DragonBall

Cliquez ici pour prendre le quiz!

Statistiques générales

  • Ce quiz a été pris 451 fois
    (415 depuis la dernière actualisation)
  • Le résultat moyen est 30 sur 63

Statistiques - réponses

Réponse% Correct
Goku
100%
Vegeta
98%
Bulma
95%
C-18
92%
Gohan
92%
C-17
91%
Krilin
89%
Boo
88%
Piccolo Daimo
86%
Piccolo Jr
86%
Trunks
86%
Yamcha
85%
C-16
84%
Cell
84%
Freezer
84%
Tortue Génial
84%
Goten
82%
C-20
79%
Chichi
79%
Grand-Pere Gohan
77%
C-19
73%
Satan
67%
TenShinHan
62%
Nappa
61%
Raditz
59%
Shaozu
56%
Babidi
51%
Kaio
48%
Videl
48%
Dabra
42%
Dende
41%
Ginyu
41%
Oolong
41%
Tao Paï Paï
39%
Plume
38%
Shin
36%
Yajirobe
34%
Pan
32%
Dodoria
30%
Uub
30%
Karin
29%
Mai
29%
M Popo
29%
Zabon
27%
Nail
25%
Pilaf
25%
Kibito
23%
Lunch
21%
Dieu
20%
Roi Cold
19%
Bra
17%
Pui Pui
17%
Baba
14%
Jeese
13%
Reacum
12%
Yakon
12%
Butta
11%
Maron
8%
Spopovich
8%
Yamu
7%
Ghourd
6%
Vieux Kaioshin
5%
Shou
2%

Distribution des résultats

Percentile par nombre de réponses

% des personnes avec chaque résultat

Votre développement - résultats

Vous n’avez pas pris ce quiz depuis la dernière actualisation